00722nam a2200193 a 4500001001000000003000400010005001700014008004100031040002500072100004000097245010500137260005600242300002800298700003500326700003900361942001400400952009700414999001700511000038308OSt20240229073823.0130408s1998 dr a 000 0 spa d aDO-SdBNPbspacBNPHU1 aSubero Isa, Jorge A.,d1947-97686310aCursos de capacitación /cJorge A. Subero Isa, Rafael Camilo Amarante, Zoraya Lisette Castellanos. aSanto Domingo :bSuprema Corte de Justicia ,c1998. a180 p. :bil. ;c21 cm.1 aAmarante, Rafael Camilo9646711 aCastellanos, Zoraya Lisette955238 2ddccLBS1 00102ddc51708PDaBNPHUbBNPHUcCTd2013-04-08o p38308-10r2020-06-25w2020-06-25yLBS1 c37798d37798